Harry Potter Professors - First Names - Statistics

General Stats
  • This quiz has been taken 95 times
  • The average score is 17 of 21
Answer Stats
Subject First Name Last Name % Correct
Transfiguration Minerva McGonagall
93%
Defence Against the Dark Arts Remus Lupin
93%
Care of Magical Creatures Rubeus Hagrid
92%
Potions/DADA Severus Snape
92%
Muggle Studies Alecto Carrow
89%
Defence Against the Dark Arts Gilderoy Lockhart
89%
Potions Horace Slughorn
89%
Divination Sybil Trelawney
89%
Defence Against the Dark Arts Dolores Umbridge
87%
Charms Filius Flitwick
87%
Defence Against the Dark Arts Amycus Carrow
84%
Herbology Pomona Sprout
83%
Defence Against the Dark Arts Quirinus Quirrell
80%
Muggle Studies Charity Burbage
79%
Divination Firenze
75%
Astronomy Aurora Sinistra
73%
History of Magic Cuthbert Binns
69%
Care of Magical Creatures Wilhelmina Grubbly-Plank
68%
Arithmancy Septima Vector
56%
Care of Magical Creatures Silvanus Kettleburn
45%
Ancient Runes Bathsheda Babbling
44%
No matching quizzes found
Score Distribution
Percent of People with Each Score
Percentile by Number Answered
Your Score History
You have not taken this quiz